| 000 | 00477nam a2200181Ia 4500 | ||
|---|---|---|---|
| 008 | 231217s9999 xx 000 0 und d | ||
| 020 | _a74630830 | ||
| 041 | _aEnglish | ||
| 082 | _a001.642 DHA;27 | ||
| 100 | _aDhamdhere, D M. | ||
| 245 | 0 | _aSystems programming and operating systems | |
| 250 | _a2nd ed. | ||
| 260 |
_c1997 _bTata McGraw-Hill _aNew Delhi |
||
| 300 | _axv, 711 | ||
| 500 | _aContent page available. | ||
| 650 | _aprogramming,operating | ||
| 942 | _cAA | ||
| 999 |
_c199613 _d199613 |
||